Normal view
MARC view
- Cervantes de Salazar, Francisco,
Entry Nombre Personal
001 - NUMERO DE CONTROL
- campo de control: 41037
003 - IDENTIFICADOR DE NUMERO DE CONTROL
- campo de control: UPN
005 - FECHA Y HORA DE LA ÜLTIMA TRANSACCIÓN
- campo de control: 20210219194603.0
008 - DATOS DE LONGITUD FIJA
- campo de control de longitud fija: nabaccnnaabn|||||||||| b |nc|||||d
035 ## - NUMERO DE CONTROL
- Número de control: UPN11000013144
040 ## - FUENTE DE CATALOGACIÓN
- Lenguaje de catalogación: SPA
- Agencia de transcripción: UPN
100 1# - ENCABEZAMIENTO - NOMBRE PERSONAL
- Nombre personal: Cervantes de Salazar, Francisco,
- Fechas asociadas con el nombre: 1514?-1575
670 ## - FUENTE EN LA QUE SE LOCALIZARON DATOS
- Cita de la fuente: T
- Información localizada: Diccionario Porrúa de historia, biografía y geografía de México
680 ## - NOTA PUBLICA DE ACCESO PÚBLICO
- Frase explicativa de la referencia: Teólogo y profesor español radicado en la Nueva España al que se le considera el padre del humanismo mexicano
902 ## - CATALOGADOR
- Catalogador: CAA/310118
